000 00664nam a22002057a 4500
003 koha_MIRAKIL
005 20250611135553.0
008 250611b eng||||| |||| 00| 0 eng d
020 _a9781447222156
040 _aTR-IsEVY
_btur
_cTR-IsEVY
082 _a420 GRI/C
100 _aGrindley, Sally
245 4 _aCaptain Pepper' s pets /
_cSally Grindley ; illustrated David Parkins.
260 _aLondon :
_bMacmillan Children's Books,
_c2002.
300 _a46 p. :
_bcolour pictures. ;
_c21 cm.
490 0 _aI am reading.
650 _aEnglish Education.
_vChildren's literature.
_xReading Books.
700 1 _aParkins, David.
_cillustrated.
942 _2ddc
_cBK
999 _c22528
_d22528